000 00631nam a2200229Ia 4500
003 OSt
005 20220928111716.0
006 a|||||r|||| 00| 0
007 ta
008 220927b |||||||| |||| 00| 0 eng d
024 _a41267
037 _cReference Collections
040 _aSDCL
_cSDCL
_beng
041 _2eng
_aeng
082 _aw1'N6, N2 RR
100 _aSaxena Balbir
_9424697
245 0 _aNobel puruskar vijeta vaigyanic.
260 _aNew Delhi
_bPraveen Prakashan
_c1992
300 _a94p
_ccm.
942 _hw1'N6, N2 RR
_cREF
_2CC
999 _c741515
_d741515